Perintah Tetap Kastam / (Record no. 2052)

000 -LEADER
fixed length control field nam a22 a 4500
005 - DATE AND TIME OF LATEST TRANSACTION
control field 20170515104130.0
008 - FIXED-LENGTH DATA ELEMENTS--GENERAL INFORMATION
fixed length control field 170515b1973 my ||||| |||| 00| 0 may d
040 ## - CATALOGING SOURCE
Original cataloging agency AKMAL
082 ## - DEWEY DECIMAL CLASSIFICATION NUMBER
Classification number 343.59506 PER
090 ## - LOCALLY ASSIGNED LC-TYPE CALL NUMBER (OCLC); LOCAL CALL NUMBER (RLIN)
Classification number (OCLC) (R) ; Classification number, CALL (RLIN) (NR) 343.59506
Local cutter number (OCLC) ; Book number/undivided call number, CALL (RLIN) PER
110 2# - MAIN ENTRY--CORPORATE NAME
Corporate name or jurisdiction name as entry element Malaysia
Subordinate unit Biro Pendidikan, Kesatuan Pegawai-Pegawai Kastam, (Semenanjung Malaysia) Caw. Johor.
9 (RLIN) 4229
245 01 - TITLE STATEMENT
Title Perintah Tetap Kastam /
Statement of responsibility, etc. dikelolakan oleh Biro Pendidikan, Kesatuan Pegawai-Pegawai Kastam, (Semenanjung Malaysia) Caw. Johor.
250 ## - EDITION STATEMENT
Edition statement Edisi Baru
260 ## - PUBLICATION, DISTRIBUTION, ETC.
Place of publication, distribution, etc. Johor :
Name of publisher, distributor, etc. Jabatan Kastam Diraja Malaysia,
Date of publication, distribution, etc. [?].
300 ## - PHYSICAL DESCRIPTION
Extent viii, 710ms. ;
Other physical details illustrated.
Dimensions 26cm
546 ## - LANGUAGE NOTE
Language note Mengandungi Bahasa Melayu dan Bahasa Inggeris
650 1# - SUBJECT ADDED ENTRY--TOPICAL TERM
Topical term or geographic name entry element Customs Administration
General subdivision Law and legislation
Geographic subdivision Malaysia
9 (RLIN) 4230
650 2# - SUBJECT ADDED ENTRY--TOPICAL TERM
Topical term or geographic name entry element Trade regulation
Geographic subdivision Malaysia
9 (RLIN) 2454
650 2# - SUBJECT ADDED ENTRY--TOPICAL TERM
Topical term or geographic name entry element Tariff
General subdivision Law and legislation
Geographic subdivision Malaysia
9 (RLIN) 20
710 2# - ADDED ENTRY--CORPORATE NAME
Corporate name or jurisdiction name as entry element Malaysia
Subordinate unit Jabatan Kastam Diraja Malaysia
9 (RLIN) 1301
942 ## - ADDED ENTRY ELEMENTS (KOHA)
Source of classification or shelving scheme
Koha item type Book
950 ## - LOCAL HOLDINGS (RLIN)
Permanent shelving location, LOC (RLIN) AKMAL
Holdings
Withdrawn status Lost status Source of classification or shelving scheme Damaged status Not for loan Collection code Home library Current library Shelving location Date acquired Inventory number Total Checkouts Full call number Barcode Date last seen Price effective from Koha item type Date last checked out
          NON-FICTION AKMAL Melaka AKMAL Melaka PINJAMAN 15.05.2017 002677   343.59506 PER 201703107 15.05.2017 15.05.2017 Book  
          NON-FICTION AKMAL Melaka AKMAL Melaka PINJAMAN 15.05.2017 002648   343.59506 PER 201703087 16.05.2017 15.05.2017 Book  
          NON-FICTION AKMAL Melaka AKMAL Melaka PINJAMAN 15.05.2017 002650   343.59506 PER 201703088 16.05.2017 15.05.2017 Book  
          NON-FICTION AKMAL Melaka AKMAL Melaka PINJAMAN 15.05.2017 002652   343.59506 PER 201703089 16.05.2017 15.05.2017 Book  
          NON-FICTION AKMAL Melaka AKMAL Melaka PINJAMAN 15.05.2017 002653   343.59506 PER 201703090 16.05.2017 15.05.2017 Book  
          NON-FICTION AKMAL Melaka AKMAL Melaka PINJAMAN 15.05.2017 002663   343.59506 PER 201703091 16.05.2017 15.05.2017 Book  
          NON-FICTION AKMAL Melaka AKMAL Melaka PINJAMAN 15.05.2017 002669   343.59506 PER 201703092 16.05.2017 15.05.2017 Book  
          NON-FICTION AKMAL Melaka AKMAL Melaka PINJAMAN 15.05.2017 002675   343.59506 PER 201703093 16.05.2017 15.05.2017 Book  
          NON-FICTION AKMAL Melaka AKMAL Melaka PINJAMAN 15.05.2017 002681   343.59506 PER 201703094 16.05.2017 15.05.2017 Book  
          NON-FICTION AKMAL Melaka AKMAL Melaka PINJAMAN 15.05.2017 002687 1 343.59506 PER 201703095 16.10.2017 15.05.2017 Book 02.10.2017
          NON-FICTION AKMAL Melaka AKMAL Melaka PINJAMAN 15.05.2017 002695   343.59506 PER 201703096 16.05.2017 15.05.2017 Book  
          NON-FICTION AKMAL Melaka AKMAL Melaka PINJAMAN 15.05.2017 002697   343.59506 PER 201703097 16.05.2017 15.05.2017 Book  
          NON-FICTION AKMAL Melaka AKMAL Melaka PINJAMAN 15.05.2017 002702   343.59506 PER 201703098 16.05.2017 15.05.2017 Book  
          NON-FICTION AKMAL Melaka AKMAL Melaka PINJAMAN 15.05.2017 002704   343.59506 PER 201703099 16.05.2017 15.05.2017 Book  
          NON-FICTION AKMAL Melaka AKMAL Melaka PINJAMAN 15.05.2017 002727   343.59506 PER 201703100 16.05.2017 15.05.2017 Book  
          FICTION AKMAL Melaka AKMAL Melaka PINJAMAN 02.10.2017 002703   343.59506 PER 201703456 02.10.2017 02.10.2017 Book  
Pusat Sumber Maklumat Dato' Haji Sarmin Md Hussin, Akademi Kastam Diraja Malaysia, Melaka
Tel: 06-2331106 | Faks: 06-2313787